00528nam a22001337a 450000500170000000800410001704000250005804100080008304400080009111000430009924501340014226000630027630000550033920180312102257.0170608b ph ||||| |||| 00| 0 eng d aCO-BoIAVHcCO-BoIAVH aeng axxu2 aConservation Internacional Philippines10aPictorial guide to the tree and shrub flora of the palanan forest dynamics plot and vicinity:bNorthern Sierra Madre Natural Park aFilipinas:bConservation Internacional Philippines,c1997. a6 páginas; bilustraciones a color, c15 x 23 cm